| 000 | 00898nam a2200301Ia 4500 | ||
|---|---|---|---|
| 003 | OSt | ||
| 005 | 20220912151546.0 | ||
| 006 | a|||||r|||| 00| 0 | ||
| 007 | ta | ||
| 008 | 220909b |||||||| |||| 00| 0 eng d | ||
| 020 | _a1862390967 (hbd) | ||
| 024 | _a9773 | ||
| 037 | _bAshutosh, | ||
| 037 | _cTextual | ||
| 040 |
_aCSL _beng _cCSL |
||
| 041 | _aeng | ||
| 082 | _aH413, P2 | ||
| 100 | _aOldroyd David R Ed | ||
| 245 | 0 | _aEarth inside and out: some major contributions to geology in the twentieth century | |
| 260 |
_aLondon _bThe Geological Society _c2002 |
||
| 300 |
_a369p. _ccm. |
||
| 490 | _aGeological society special publication; 192 | ||
| 500 |
_aIncludes bibliographical references; Index 353-369p. _ccm. |
||
| 650 | _a Earth science | ||
| 650 | _aGeology | ||
| 942 |
_hH413, P2 _cTEXL _2CC |
||
| 999 |
_c71313 _d71313 |
||